01255nab a22002297a 4500003000400000005001700004008004100021040000700062100002300069245014500092260007300237300001500310500007100325505030000396505008900696650002900785650002400814650001400838650001200852650002900864773013200893OSt20251226212727.0190603e xxum|||| |||| 00| 0 spa d cPJ aLinovich, Jonathan10aJurisprudencia destacada en "Créditos, privilegios y sobreendeudamiento: nuevas miradas sobre el derecho concursal" /cJonathan Linovich.  cCiudad Autónoma de Buenos Aires :aThomson Reuters La Ley, b2025. ap. 128-129 aCita: TR LALEY AR/DOC/1044/2025 Publicado en: RCCyC 2025 (junio). aSumario: I. Atribución del uso de la vivienda y quiebra del excónyuge.— II. Pequeño concurso.— III. Gastos y honorarios en proceso de quiebra.— IV. Pequeña quiebra.— V. Beneficio de litigar sin gastos.— VI. Inejecutabilidad de inmueble en la quiebra.— VII. Convenio OIT 173.  t¿Te interesa el texto completo? Solicitalo al correo: koha@justierradelfuego.gov.ar 0aCODIGO CIVIL Y COMERCIAL 0aCONCURSO PREVENTIVO 0aCONCURSOS 0aQUIEBRA 0aJURISPRUDENCIA APLICABLE0 02713dCiudad Autónoma de Buenos Aires : Thomson Reuters La Ley, 2015-tRevista Código Civil y Comercial. Nº 3 - Junio 2025